• 首页
  • 本馆介绍
  • 公告通知
  • 最新文献
  • 馆藏检索
  • 电子资源
  • 读者导购
  • 参考咨询
  • 我的图书馆
  • 登录
  • 详细信息显示
  • 放入我的书架
  • 预约/预借图书
  • 作者相关作品
  • 分类相关作品
  • 丛书相关作品
  • 出版社相关作品

书目信息

  • 表格格式
  • 工作单格式
  • 卡片格式
题名:
技术发展简史
    
 
作者: 巴萨拉 著 ;周光发 译
分册:  
出版信息: 上海   复旦大学出版社  2000.02
页数: 288页
开本: 32开
丛书名: 剑桥科学史丛书
单 册:
中图分类: T-091
科图分类:
主题词: 技术史--世界 , 工业技术--技术政策--各国
电子资源:
ISBN: 7-309-02337-4
000 00757nam0 2200253 45
001 0210281664
005 20031219104059.3
010    @a7-309-02337-4@dCNY22.50
100    @a20021028d2000 km y0chiy0120 ea
101 0  @achi@ceng
105    @a z 000yy
200 1  @a技术发展简史@AJi Shu Fa Zhan Jian Shi@f(美)巴萨拉著@F(Mei)Ba Sa La Zhu@g周光发译
210    @a上海@c复旦大学出版社@d2000.02
215    @a288页@d32开
225    @a剑桥科学史丛书
305    @a本书经剑桥大学出版社授权出版中文版
410    @12001 @a剑桥科学史丛书
606 0  @a技术史@y世界
606 0  @a工业技术@x技术政策@y各国
690    @aT-091@v4
701    @a巴萨拉@4著
702  0 @a周光发@AZhou Guang Fa@4译
801    @aCN@bTSTC@c20021028
905    @b316324-326@dT-091@e75@f3
    
    技术发展简史/(美)巴萨拉著/周光发译.-上海:复旦大学出版社,2000.02
    288页;32开.-(剑桥科学史丛书)
    
    
    ISBN 7-309-02337-4:CNY22.50
    
●
相关链接 在E读中查询图书 在五车中查询图书 在当当中查询图书 在豆瓣中查询图书


正题名:技术发展简史     索取号:T-091/75         预约/预借

序号 登录号 条形码 馆藏地/架位号 状态 备注
1 0316324   203163245   第三借阅区/ [索取号:T-091/75] 在馆    
2 0316325   203163254   第三借阅区/ [索取号:T-091/75] 在馆    
3 0316326   203163263   第二样本阅览室/ [索取号:T-091/75] 在馆    
唐山师范学院图书馆 欢迎您!
大连网信软件有限公司© 版权所有